| 000 | 00481nam a22001937a 4500 | ||
|---|---|---|---|
| 010 | _aA-436448 | ||
| 020 | _a0333348079 | ||
| 035 | _aA-436448 | ||
| 037 | _bCen Lib / Ret | ||
| 040 |
_aDPL _bEn |
||
| 082 |
_a030 _bMAC |
||
| 245 | _aThe macmillan encyclopedia / | ||
| 260 |
_aNew York _bMacmillan _c1986 |
||
| 270 |
_aMacmillan _bNew York |
||
| 300 |
_a1336p _c27cm(Hb) |
||
| 650 | _aDictionary | ||
| 650 | _aEncyclopedia | ||
| 942 |
_2ddc _cEN _h030 _mMAC |
||
| 999 |
_c136987 _d136987 |
||